[Event "ECC"]
[Site "Halkidiki GRE"]
[Date "2002.09.25"]
[Round "4"]
[White "Vinter Schou,U"]
[Black "Mossong,H"]
[Result "1-0"]
[WhiteElo "2342"]
[BlackElo "2200"]

1.e4 c5 2.Nf3 Nc6 3.Bb5 g6 4.O-O Bg7 5.Re1 e5 6.c3 Qb6 7.Na3 Nge7 8.Nc4 Qc7
9.a4 O-O 10.d3 d6 11.b4 h6 12.Bb2 Be6 13.Ne3 Rad8 14.Rc1 f5 15.Bc4 Bf7 16.Bxf7+ Rxf7
17.Nc4 Rdf8 18.exf5 Rxf5 19.bxc5 dxc5 20.Rc2 g5 21.Ncd2 Qd7 22.Ne4 b6 23.Ng3 R5f7
24.Re4 Ng6 25.Nh5 Bh8 26.Ne1 Rd8 27.h3 Qd5 28.Qg4 Qd7 29.Bc1 Qxg4 30.hxg4 Na5
31.Ng3 Nh4 32.Nf1 Bg7 33.Ne3 Rf4 34.g3 Rxe4 35.dxe4 Ng6 36.Nd5 Nc4 37.Ng2 Kf7
38.Nge3 Nxe3 39.Nxe3 Ne7 40.Kf1 Ke6 41.Ke2 Kd7 42.Rd2+ Kc7 43.Rxd8 Kxd8 44.Nf5 Bf8
45.f4 exf4 46.gxf4 gxf4 47.Bxf4 Ng8 48.Kf3 Kd7 49.e5 c4 50.Ne3 Kc6 51.Nxc4 b5
52.axb5+ Kxb5 53.Nd6+ Kc6 54.Ke4 a5 55.Kd4 Ne7 56.Nc4 a4 57.Bc1 Ng6 58.Ke4 Nh4
59.Bb2 Bc5 60.Bc1 Bf8 61.Bb2 Be7 62.Na3 Kc5 63.Nb1 Bg5 64.Ba3+ Kc4 65.Bb4 Ng6
66.Kf5 Ne7+ 67.Ke6 Nc6 68.Bd6 Kb3 69.Kd5 Ne7+ 70.Kd4 Nc6+ 71.Kd3 Kb2 72.Na3 Bf4
73.Ke4 Bg3 74.Nb5 Kb3 75.Nd4+ Nxd4 76.cxd4 a3 77.Bxa3 Kxa3 78.e6 Bh4 79.d5 Be7
80.Ke5  1-0

[Event "ECC"]
[Site "Halkidiki GRE"]
[Date "2002.09.25"]
[Round "4"]
[White "Gritsak,O"]
[Black "Savchenko,S"]
[Result "1/2-1/2"]
[WhiteElo "2542"]
[BlackElo "2537"]

1.e4 c5 2.Nf3 Nc6 3.Bb5 d6 4.d4 cxd4 5.Qxd4 Bd7 6.Bxc6 Bxc6 7.Nc3 Nf6 8.Bg5 e6
9.O-O-O Be7 10.Rhe1 O-O 11.Qd2 h6 12.Bf4  1/2-1/2

[Event "ECC"]
[Site "Halkidiki GRE"]
[Date "2002.09.25"]
[Round "4"]
[White "Kobalia,M"]
[Black "Roiz,M"]
[Result "1-0"]
[WhiteElo "2625"]
[BlackElo "2507"]

1.e4 c5 2.Nf3 Nc6 3.Bb5 g6 4.Bxc6 bxc6 5.O-O Bg7 6.Re1 Nh6 7.c3 O-O 8.d4 cxd4
9.cxd4 d6 10.h3 f6 11.b3 Nf7 12.Bb2 Bd7 13.Nbd2 Rc8 14.Rc1 f5 15.exf5 Bxf5
16.Nc4 Bh6 17.Ne3 Be4 18.Nd2 Bd3 19.d5 Ne5 20.Bxe5 dxe5 21.Ng4 Bg5 22.Rxc6 Rxc6
23.dxc6 h5 24.Nxe5 Rxf2 25.Ndf3 Qb6 26.Kh1  1-0

[Event "ECC"]
[Site "Halkidiki GRE"]
[Date "2002.09.26"]
[Round "5"]
[White "Socko,B"]
[Black "Stanojoski,Z"]
[Result "1-0"]
[WhiteElo "2562"]
[BlackElo "2479"]

1.e4 c5 2.Nf3 Nc6 3.Bb5 g6 4.Bxc6 bxc6 5.O-O Bg7 6.Re1 Nf6 7.e5 Nd5 8.d3 O-O
9.Bg5 f6 10.exf6 exf6 11.Bd2 Rb8 12.c4 Nc7 13.b3 Ne6 14.Nc3 d6 15.Ne2 Rb7
16.d4 d5 17.cxd5 cxd5 18.Rc1 c4 19.bxc4 dxc4 20.Rxc4 Ng5 21.Nxg5 fxg5 22.Be3 Be6
23.Rc2 Rd7 24.Qd2 h6 25.Rc6 Bf7 26.h4 Qa8 27.Rc5 gxh4 28.Bxh6 h3 29.gxh3 Bxh6
30.Qxh6 Bxa2 31.Rg5 Rf6 32.Ng3 Qf8 33.Rxg6+ Rxg6 34.Qxg6+ Rg7 35.Qc6 Qf5
36.Re5 Qg6 37.Qc8+ Kh7 38.Kh2 Rg8 39.Qb7+ Rg7 40.Qa8 Qc2 41.Rh5+ Kg6 42.Qf3 Rf7
43.Qg4+ Kf6 44.Ne4+ Ke7 45.Re5+ Kf8 46.Qh4  1-0

[Event "ECC"]
[Site "Halkidiki GRE"]
[Date "2002.09.26"]
[Round "5"]
[White "Nedev,T"]
[Black "Krasenkow,M"]
[Result "1-0"]
[WhiteElo "2476"]
[BlackElo "2662"]

1.e4 c5 2.Nf3 Nc6 3.Bb5 e6 4.O-O Nge7 5.Re1 Ng6 6.c3 Bd6 7.d4 cxd4 8.cxd4 O-O
9.Nc3 a6 10.Bd3 Bc7 11.e5 d6 12.Bg5 Qd7 13.exd6 Qxd6 14.Ne4 Qd5 15.Bc2 h6
16.Bxh6 e5 17.Bb3 Qd7 18.Be3 Na5 19.Nc5 Qd6 20.Ne4 Qd7 21.Nfg5 Qg4 22.Rc1 Nxb3
23.Qxb3 Bd8 24.h3 Qh5 25.Ng3 Qh8 26.dxe5 Nxe5 27.Bf4 Bxg5 28.Bxg5 Be6 29.Qc3 Nc6
30.Ne4 Bd5 31.Nd6 Qh5 32.Qg3 Qg6 33.a3 Rab8 34.Rc3 Be6 35.Qf4 Qh5 36.Rg3 Kh7
37.Ne4 Rg8 38.Rg4  1-0

[Event "ECC"]
[Site "Halkidiki GRE"]
[Date "2002.09.26"]
[Round "5"]
[White "Kindermann,S"]
[Black "Hoelzl,F"]
[Result "1/2-1/2"]
[WhiteElo "2519"]
[BlackElo "2393"]

1.e4 c5 2.Nf3 Nc6 3.Bb5 Nf6 4.Nc3 g6 5.e5 Ng4 6.Qe2 Bg7 7.Bxc6 dxc6 8.h3 Nh6
9.g4 O-O 10.d3 f5 11.g5 Nf7 12.Bf4 Be6 13.Qe3 Qa5 14.Kf1 Rfd8 15.h4 Qb4 16.Rb1 Rd4
17.a3 Qb6 18.b4 Qd8 19.bxc5 Rd7 20.a4 Qa5 21.d4 Nd8 22.Kg2 Bf7 23.Ng1 Ne6
24.Nge2 Rad8 25.Rhd1 Qa6 26.Kg3 Bf8 27.Rd3 Ng7 28.Kh2 Bc4 29.Rd2 Ne6 30.Rdd1 Kf7
31.Kg3 Ke8 32.Kh2 Bxe2 33.Nxe2 Qxa4 34.Qb3 Qxb3 35.Rxb3 Nxc5 36.Ra3 a6 37.Be3 Ne6
38.Rb1 Ra8 39.c4 Nd8 40.Rb6 e6 41.c5 h6 42.Nf4 hxg5 43.hxg5 Rg7 44.Nd3 Rc8
45.Nb2 Rh7+ 46.Kg2 Rcc7 47.Ra1 Rh5 48.Rh1 Rxh1 49.Kxh1 Rh7+ 50.Kg2 Be7 51.Nc4 Kd7
52.f4 Kc8 53.Rb1 Kb8 54.Kg3 Nf7 55.Na5 Nd8 56.Bd2 Kc8 57.Nc4 Nf7 58.Na5 Nd8
59.Nc4  1/2-1/2

[Event "ECC"]
[Site "Halkidiki GRE"]
[Date "2002.09.27"]
[Round "6"]
[White "Penttinen,J"]
[Black "Sands,D"]
[Result "1/2-1/2"]
[WhiteElo "2366"]
[BlackElo "2246"]

1.e4 c5 2.Nf3 Nc6 3.Bb5 g6 4.O-O Bg7 5.c3 Nf6 6.Re1 O-O 7.h3 e5 8.d4 cxd4
9.cxd4 exd4 10.e5 Nd5 11.Na3 Nc7 12.Bxc6 dxc6 13.Qxd4 Qxd4 14.Nxd4 Ne6 15.Nf3 f6
16.Nc4 fxe5 17.Ncxe5 Nc7 18.Bd2 Be6 19.Bc3 Rfe8 20.Ng5 Bd5 21.f4 Nb5 22.Ne4 Bxe4
23.Rxe4 Nxc3 24.bxc3 Rad8 25.Rb1 b6 26.Ra4 Bxe5 27.fxe5 Rd7 28.Re1 Re6  1/2-1/2

[Event "ECC"]
[Site "Halkidiki GRE"]
[Date "2002.09.28"]
[Round "7"]
[White "Nevednichy,V"]
[Black "Smirnov,P"]
[Result "0-1"]
[WhiteElo "2537"]
[BlackElo "2539"]

1.e4 c5 2.Nf3 Nc6 3.Bb5 g6 4.c3 Nf6 5.e5 Nd5 6.d4 cxd4 7.O-O Bg7 8.cxd4 O-O
9.Nc3 Nc7 10.Bxc6 dxc6 11.h3 Be6 12.Qe2 Bd5 13.Nh2 Ne6 14.Be3 f5 15.f4 g5
16.fxg5 f4 17.Bd2 Nxd4 18.Qf2 Bxe5 19.Rae1 Bg7 20.Nxd5 Qxd5 21.Rxe7 Nf5 22.Rxg7+ Nxg7
23.Ng4 Qxg5 24.Bxf4 Qg6 25.Qd4 h5 26.Ne5 Qe6 27.Nd7 Rf7 28.Ne5 Rf5 29.g4 hxg4
30.Nxg4 Kh7 31.Be5 Rxf1+ 32.Kxf1 Rf8+ 33.Kg1 Qg6 34.Qd2 Ne6 35.Qe3 Ng5 36.Bc3 Nf3+
37.Kf2 Ne5+ 38.Kg3 Rf3+ 39.Qxf3 Nxf3 40.Kxf3 Qd3+ 41.Ne3 c5 42.a3 b5 43.h4 Kg6
44.Kf2 Kh5 45.Ng2 Kg4 46.Ne3+ Kxh4 47.Kf3 Kg5 48.Be1 Kf6 49.Bc3+ Ke6 50.Kf2 Kd6
51.Kf3 Kc6 52.Kf2 Kb6 53.Kf3 a5 54.Kf4 b4 55.axb4 cxb4 56.Bf6 a4 57.Be7 Kb5  0-1

[Event "ECC"]
[Site "Halkidiki GRE"]
[Date "2002.09.28"]
[Round "7"]
[White "Glek,I"]
[Black "Nataf,IA"]
[Result "1-0"]
[WhiteElo "2590"]
[BlackElo "2560"]

1.e4 c5 2.Nf3 Nc6 3.Bb5 e6 4.O-O Nge7 5.Re1 Nd4 6.Nxd4 cxd4 7.c4 g6 8.d3 Bg7
9.Nd2 O-O 10.b4 d6 11.c5 b6 12.Nc4 bxc5 13.bxc5 dxc5 14.Bd2 Bd7 15.Rb1 Nc6
16.Qa4 Qc7 17.Ba5 Nxa5 18.Qxa5 Rfc8 19.Qxc7 Rxc7 20.Bxd7 Rxd7 21.Rb5 Rc8
22.Reb1 Kf8 23.Rb8 Rxb8 24.Rxb8+ Ke7 25.Rc8 Rb7 26.Kf1 Kd7 27.Rg8 Bf6 28.Rf8 Rb1+
29.Ke2 Ke7 30.Ra8 Rb7 31.f4 h5 32.e5 Bg7 33.Kf3 Rc7 34.Nd6 Bh6 35.Re8+ Kd7
36.Rh8 Bg7 37.Rg8 Bh6 38.Nxf7 Kc6 39.Nxh6 Kb5 40.Rxg6 Re7 41.Ng8  1-0

[Event "11th Monarch Assurance"]
[Site "Port Erin IOM"]
[Date "2002.09.29"]
[Round "2"]
[White "Daly,C"]
[Black "Ansell,S"]
[Result "1/2-1/2"]
[WhiteElo "2338"]
[BlackElo "2399"]

1.e4 c5 2.Nf3 Nc6 3.Bb5 e6 4.O-O Nge7 5.b3 a6 6.Bxc6 Nxc6 7.Bb2 b5 8.c4 bxc4
9.bxc4 d6 10.Na3 e5 11.d3 Be7 12.Nc2 O-O 13.Ne3 g6 14.Nd2 Bg5 15.Nd5 Rb8
16.Bc3 Ne7 17.Rb1 Rxb1 18.Qxb1 f5 19.Qb8 Nc6 20.Qb2 Bxd2 21.Qxd2 f4 22.f3 g5
23.g4 fxg3 24.hxg3 Rf7 25.Qh2 Ne7 26.Qh5 Nxd5 27.cxd5 Bd7 28.f4 gxf4 29.gxf4 Rg7+
30.Kh1 Be8 31.Qh3 Bd7 32.Qh5 Be8 33.Qh2 Qf6 34.Rf2 Rg4 35.fxe5 Qg5 36.Bd2 Qxe5
37.Qxe5 dxe5 38.Rg2 Rxg2 39.Kxg2 Bb5 40.Bc3 Bxd3 41.Kf3 Kf7 42.Bxe5 Ke7 43.Ke3 Bf1
44.Bg3 Bg2 45.Be1 h5 46.a4 Kd7 47.a5 Bh1 48.Kd3 Bg2 49.Bh4 Bf1+ 50.Ke3 Bg2
51.Bf6 Ke8 52.Kf4 Kd7 53.Bh4 c4 54.Be1 Kd6 55.Ke3 Kc5 56.Bh4 c3 57.Kd3 c2
58.Bg5 h4 59.Kxc2 Bxe4+ 60.Kd2 Bxd5  1/2-1/2

[Event "11th Monarch Assurance"]
[Site "Port Erin IOM"]
[Date "2002.09.29"]
[Round "2"]
[White "Rayner,F"]
[Black "Lalic,B"]
[Result "1/2-1/2"]
[WhiteElo "2219"]
[BlackElo "2540"]

1.e4 c5 2.Nf3 Nc6 3.Bb5 e6 4.O-O Nge7 5.c3 a6 6.Ba4 c4 7.Bc2 d5 8.e5 Ng6
9.Re1 Qc7 10.Qe2 f6 11.exf6 Nf4 12.Qe3 gxf6 13.g3 Ng6 14.d3 cxd3 15.Qxd3 Nce7
16.Bb3 Bd7  1/2-1/2

[Event "Eu Rapid Ch"]
[Site "Panormo GRE"]
[Date "2002.10.01"]
[Round "9"]
[White "Gallagher,Jo"]
[Black "Smirnov,P"]
[Result "0-1"]
[WhiteElo "2517"]
[BlackElo "2539"]

1.e4 c5 2.Nf3 Nc6 3.Bb5 g6 4.Bxc6 dxc6 5.d3 Bg7 6.Nc3 Nf6 7.Be3 Ng4 8.Bxc5 Qa5
9.d4 b6 10.Ba3 Ba6 11.h3 c5 12.hxg4 cxd4 13.Bxe7 dxc3 14.b4 Qb5 15.Bh4 O-O
16.Qd3 Qa4 17.Qe3 Qxc2 18.a4 Rfe8 19.e5 Bxe5  0-1

[Event "7th ECCW"]
[Site "Antalya TUR"]
[Date "2002.10.02"]
[Round "4"]
[White "Dembo,Y"]
[Black "Klink,T"]
[Result "1-0"]
[WhiteElo "2369"]
[BlackElo "2320"]

1.e4 c5 2.Nf3 Nc6 3.Bb5 d6 4.O-O Bd7 5.c3 Nf6 6.Re1 a6 7.Bf1 e5 8.h3 Be7
9.d4 Qc7 10.d5 Nd8 11.c4 O-O 12.Nc3 h6 13.Rb1 Nh7 14.b4 cxb4 15.Rxb4 Ng5
16.Be3 Nxf3+ 17.Qxf3 f5 18.exf5 Bxf5 19.Qg3 Nf7 20.Bb6 Qd7 21.Bd3 Bg5 22.Bxf5 Qxf5
23.Ne4 Rac8 24.Qg4 g6 25.Qe2 Bh4 26.Rd1 Be7 27.Ba5 b5 28.cxb5 axb5 29.Rxb5 Ng5
30.Ng3 Qc2 31.Rb2 Qa4 32.Bd2 Nf7 33.Be3 Rc4 34.Qd3 e4 35.Qb3 Bf6 36.Qxa4 Rxa4
37.Re2 Bh4 38.Nf1 Rfa8 39.Bd4 R8a5 40.Rxe4 Bf6 41.Re8+ Kg7 42.Bxf6+ Kxf6
43.Re6+ Kg7 44.Ne3 Rxa2 45.Rd4 Ra1+ 46.Kh2 R1a4 47.Rxa4 Rxa4 48.g3 Ra2 49.Kg2 Rd2
50.h4 h5 51.Kf1 Ra2 52.Nc4 Ra1+ 53.Ke2 Ra2+ 54.Ke3 Ra1 55.Kf3 Rd1 56.Ne3 Ra1
57.Kg2 Ra2 58.Nc4 Ra6 59.Kh3 Ra2 60.f3 Ra6 61.f4 Ra2 62.g4 Rc2 63.Ne3 hxg4+
64.Kxg4 Rd2 65.Kf3 Ra2 66.Kg3 Rd2 67.f5 gxf5 68.Nxf5+ Kf8 69.Ne3 Rd4 70.Rf6 Rd3
71.Rf3 Kg8 72.Ng4 Rd4 73.Nf6+ Kg7 74.Nh5+ Kg8 75.Nf4 Nh6 76.h5 Kh7 77.Ra3 Nf5+
78.Kg4 Nh6+ 79.Kf3 Nf7 80.Ra7 Kg8 81.Ke3 Rd1 82.Ke4 Nh6 83.Ng6 Re1+ 84.Kf3 Rf1+
85.Kg2 Rd1 86.Rd7 Nf7 87.Nf4 Re1 88.Kg3 Re5 89.Rc7 Rg5+ 90.Kf3 Rf5 91.Ke4 Re5+
92.Kf3 Rf5 93.Kg4 Rg5+ 94.Kh4 Rf5 95.Rc4 Kg7 96.Rd4 Ne5 97.Ra4 Kh6 98.Kh3 Kg5
99.Kg3 Nf7 100.Ne6+ Kh6 101.Rf4 Rxd5 102.Rf6+ Kh7 103.Rxf7+ Kg8 104.Rf8+ Kh7
105.Kg4 Re5 106.Ng5+ Kg7 107.Rf7+ Kg8 108.Rd7  1-0

[Event "Eu Blitz Ch"]
[Site "Panormo GRE"]
[Date "2002.10.02"]
[Round "5"]
[White "Miroshnichenko,E"]
[Black "Grivas,E"]
[Result "1-0"]
[WhiteElo "2548"]
[BlackElo "2494"]

1.e4 c5 2.Nf3 Nc6 3.Bb5 d6 4.Bxc6+ bxc6 5.O-O Bg4 6.Re1 Nf6 7.h3 Bxf3 8.Qxf3 e5
9.c3 Be7 10.Qd1 O-O 11.d4 cxd4 12.cxd4 exd4 13.Qxd4 d5 14.exd5 cxd5 15.Nc3 Re8
16.Be3 Qa5 17.Red1 Red8 18.a3 Rd7 19.b4 Qa6 20.Qd3 Qe6 21.Bd4 Ne4 22.Re1 Rad8
23.f3 Qg6 24.fxe4 dxe4 25.Qxe4 Rxd4 26.Qxg6  1-0

[Event "2nd Rohde Open"]
[Site "Sautron FRA"]
[Date "2002.10.02"]
[Round "8"]
[White "Fedorchuk,S"]
[Black "Raetsky,A"]
[Result "0-1"]
[WhiteElo "2564"]
[BlackElo "2423"]

1.e4 c5 2.Nf3 Nc6 3.Bb5 e6 4.Bxc6 bxc6 5.d3 Ne7 6.h4 h5 7.e5 Nf5 8.Nbd2 d5
9.exd6 Bxd6 10.Ne4 e5 11.c3 O-O 12.Nfd2 Be7 13.Nc4 f6 14.f3 Be6 15.Qe2 Rb8
16.g4 hxg4 17.fxg4 Nd6 18.Nxc5 Bd5 19.Ne4 Nxc4 20.dxc4 f5 21.cxd5 fxe4 22.Bg5 cxd5
23.O-O-O Qb6 24.Rh2 Ba3 25.Qd2 Bxb2+ 26.Qxb2 Qc5 27.Qa1 Qa3+ 28.Kc2 d4 29.Bc1 Qa4+
30.Kd2 e3+ 31.Ke1 Rf1+ 32.Kxf1 Qxd1+ 33.Kg2 Rf8 34.Ba3 Qxa1  0-1

[Event "2nd Rohde Open"]
[Site "Sautron FRA"]
[Date "2002.10.02"]
[Round "8"]
[White "Maze,S"]
[Black "Delorme,Al"]
[Result "1-0"]
[WhiteElo "2374"]
[BlackElo "2216"]

1.e4 c5 2.Nf3 Nc6 3.Bb5 e6 4.Bxc6 bxc6 5.d3 d6 6.e5 dxe5 7.Nxe5 Qc7 8.Qe2 Bd6
9.Nc4 Nf6 10.Nxd6+ Qxd6 11.O-O O-O 12.Nd2 Ba6 13.b3 Nd5 14.Bb2 f6 15.Ne4 Qe7
16.c4 Rfe8 17.Rfe1 f5 18.Ng3 Nf4 19.Qf3 Qh4 20.Be5 Ng6 21.Qxc6 f4 22.Qxa6 Qg5
23.Bc3  1-0

[Event "7th ECCW"]
[Site "Antalya TUR"]
[Date "2002.10.03"]
[Round "5"]
[White "Zimina,O"]
[Black "Javakhishvili,L"]
[Result "0-1"]
[WhiteElo "2372"]
[BlackElo "2319"]

1.e4 c5 2.Nf3 Nc6 3.Bb5 e6 4.Bxc6 bxc6 5.b3 Ne7 6.O-O Ng6 7.Re1 Be7 8.c3 O-O
9.d4 d5 10.Ba3 cxd4 11.Qxd4 Bb7 12.c4 c5 13.Bxc5 Bxc5 14.Qxc5 dxe4 15.Nfd2 Nf4
16.Qe3 Nd3 17.Rf1 f5 18.Nc3 Rf6 19.f4 e5 20.Ne2 g5 21.fxe5 f4 22.Qh3 Nxe5
23.Qc3 Qe7 24.Nd4 e3 25.N2f3 g4 26.Nh4 Raf8 27.Qc2 Ng6 28.Nxg6 Rxg6 29.c5 Bd5
30.Rad1 Qe5 31.c6 f3 32.c7 f2+ 33.Kh1 Rh6 34.Nf3 gxf3  0-1

[Event "EuYCh B16"]
[Site "Peniscola ESP"]
[Date "2002.10.03"]
[Round "5"]
[White "Trent,L"]
[Black "Murariu,A"]
[Result "1-0"]
[WhiteElo "2246"]
[BlackElo "2401"]

1.e4 c5 2.Nf3 Nc6 3.Bb5 g6 4.Bxc6 dxc6 5.d3 Bg4 6.Nbd2 Bg7 7.h3 Bxf3 8.Nxf3 e5
9.Be3 Qe7 10.Qd2 Nf6 11.O-O O-O 12.Bh6 Nh5 13.Rab1 a5 14.a4 b6 15.Bxg7 Nxg7
16.Qc3 Rfe8 17.Nd2 Qc7 18.Nc4 Rab8 19.g3 Nh5 20.Kg2 f6 21.Qd2 Kh8 22.f4 exf4
23.g4 Ng7 24.Qxf4 Qxf4 25.Rxf4 Re6 26.Rbf1 Ne8 27.g5 Kg7 28.gxf6+ Nxf6 29.R1f3 Rb7
30.Rf2 Nh5 31.R4f3 g5 32.Kh2 h6 33.Rf5 Nf4 34.h4 Rf6 35.hxg5 Rxf5 36.gxh6+ Kxh6
37.exf5 Kg5 38.Kg3 Nd5 39.Nd6 Rd7 40.Ne4+ Kh6 41.Rh2+ Kg7 42.Kg4 Rd8 43.Kg5 Rg8
44.Rh6 Ne7 45.Nf6 Rh8 46.Rxh8 Kxh8 47.Nd7 Nd5 48.f6 Kg8 49.Ne5 b5 50.Nxc6 bxa4
51.Ne7+  1-0

[Event "6th Itau Cup"]
[Site "Sao Paulo BRA"]
[Date "2002.10.04"]
[Round "8"]
[White "Vescovi,G"]
[Black "Milos,G"]
[Result "1-0"]
[WhiteElo "2611"]
[BlackElo "2574"]

1.e4 c5 2.Nf3 Nc6 3.Bb5 Nf6 4.Bxc6 bxc6 5.e5 Nd5 6.O-O g6 7.c4 Nc7 8.d4 cxd4
9.Qxd4 Bg7 10.Qh4 Ba6 11.Nc3 Ne6 12.Re1 Qc7 13.Bd2 f6 14.Bh6 Bxh6 15.Qxh6 O-O-O
16.Rac1 Rdf8 17.Nd5 Qd8 18.exf6 exf6 19.b4 Kb8 20.b5 cxb5 21.cxb5 Bb7 22.Qd2 Re8
23.a4 g5 24.Red1 d6 25.b6 Nc5 26.bxa7+ Ka8 27.Rb1 Re4 28.Nd4 Rhe8 29.Nb5 Na6
30.a5  1-0

[Event "ch-ESP Open"]
[Site "Ayamonte ESP"]
[Date "2002.10.05"]
[Round "2"]
[White "Romero Garcia,Mar"]
[Black "Llaneza Vega,P"]
[Result "1/2-1/2"]
[WhiteElo "2173"]
[BlackElo "2312"]

1.e4 c5 2.Nf3 Nc6 3.Bb5 g6 4.O-O Bg7 5.Qe2 e5 6.Qc4 d6 7.b4 Be6 8.Qc3 Nf6
9.d3 O-O 10.bxc5 Rc8 11.Bxc6 Rxc6 12.Ba3 Qc8 13.Qd2 Nh5 14.c4 Bg4 15.Ne1 Nf4
16.f3 Be6 17.cxd6 Qd7 18.Nc3 Rfc8 19.Nc2 Bxc4 20.dxc4 Rxc4 21.Nd5 Rxc2 22.Ne7+ Kf8
23.Rac1 Rxd2 24.Rxc8+ Qxc8 25.Nxc8 Ke8 26.Rb1 b6 27.Nxa7 Rxa2 28.Nb5 Ne2+
29.Kf1 Nd4 30.Nc7+ Kd7 31.Bb4 Bf8 32.Nd5 b5 33.Nf6+ Kd8 34.Nxh7 Bh6 35.Nf6 Ne6
36.Bc3 Bg7 37.Bxe5 Bxf6 38.Bxf6+ Kd7 39.Be7 Nd4 40.Bf6 Nc2 41.Rb2 Ne3+ 42.Ke2 Rxb2+
43.Bxb2 Nc4 44.Bc3 Kxd6 45.h4 Ke6 46.g4 f6 47.f4 Nd6 48.f5+ Kf7 49.Kf3 Nb7
50.g5 fxg5 51.hxg5 Nc5 52.Bd4 Nd3 53.Ke3 Nb4 54.Bb2 Nc6 55.f6 Ke6 56.Kd3 Nd8
57.Kd4 Nf7 58.Bc1 Ne5 59.Bf4 Nd7 60.Bc7 b4 61.Bf4 b3 62.Bc1 Nb6 63.Kc3 Na4+
64.Kxb3 Nc5+ 65.Kc4 Nxe4  1/2-1/2

[Event "FSFMA Oct"]
[Site "Budapest HUN"]
[Date "2002.10.05"]
[Round "1"]
[White "Tessedik,K"]
[Black "Szilardfy,G"]
[Result "1-0"]
[WhiteElo "2018"]
[BlackElo "2115"]

1.e4 c5 2.Nf3 Nc6 3.Bb5 g6 4.Bxc6 bxc6 5.O-O Bg7 6.e5 Nh6 7.d3 O-O 8.Nc3 f6
9.exf6 exf6 10.h3 d6 11.Bf4 Nf7 12.Re1 g5 13.Bh2 g4 14.hxg4 Bxg4 15.Qd2 Bxf3
16.gxf3 Qd7 17.Ne4 Kh8 18.Qf4 Ne5 19.Kh1 f5 20.Nxc5 dxc5 21.Rxe5 Bxe5 22.Qxe5+ Qg7
23.Rg1  1-0

[Event "11th Monarch Assurance"]
[Site "Port Erin IOM"]
[Date "2002.10.05"]
[Round "8"]
[White "Sulskis,S"]
[Black "Goloshchapov,A"]
[Result "1/2-1/2"]
[WhiteElo "2576"]
[BlackElo "2544"]

1.e4 c5 2.Nf3 Nc6 3.Bb5 e6 4.O-O Nge7 5.c3 a6 6.Ba4 b5 7.Bc2 Bb7 8.d4 cxd4
9.Nxd4 Ng6 10.a4 b4 11.Nxc6 Bxc6 12.cxb4 Qb6 13.Ra3 Bxb4 14.Rh3 h6 15.Nc3 O-O
16.e5 Nxe5 17.Bxh6 f5 18.Be3 Bc5 19.Qh5 Rf6 20.Qh7+ Kf7 21.Bd1 Rg8  1/2-1/2

[Event "7th ECCW"]
[Site "Antalya TUR"]
[Date "2002.10.06"]
[Round "7"]
[White "Kovalevskaya,E"]
[Black "Javakhishvili,L"]
[Result "1/2-1/2"]
[WhiteElo "2486"]
[BlackElo "2319"]

1.e4 c5 2.Nf3 Nc6 3.Bb5 e6 4.Bxc6 bxc6 5.b3 Ne7 6.O-O Ng6 7.Bb2 f6 8.e5 Be7
9.Na3 O-O 10.Nc4 Qc7 11.Qe1 fxe5 12.Nfxe5 Nxe5 13.Bxe5 d6 14.Bg3 Bd7 15.Qe3 Rf5
16.Rae1 Raf8 17.Qd3 Rd5 18.Qe2 Rdf5 19.c3 Re8 20.d4 cxd4 21.cxd4 Bf8 22.Qc2 Qb8
23.b4 Rd5 24.Rd1 Qd8 25.Ne3 Rb5 26.a3 Qb8 27.Nc4 Rc8 28.Rfe1 Qc7 29.Re3 Rd5
30.Rc3 Qd8 31.Ne3 Rb5 32.h3 Kh8 33.Nc4 Rd5 34.a4 Qf6 35.Rf3 Rf5 36.Rdd3 Rxf3
37.Rxf3 Qxd4 38.Rd3 Qe4 39.Bxd6 c5 40.Bxf8 Rxf8 41.Ne3 Bc6 42.Qxc5 Kg8 43.Rd4 Qb1+
44.Rd1 Qa2 45.Ng4 Qxa4 46.Rd6 Bd5 47.Kh2 Qa1 48.Rd7 h5 49.Ne3 Rxf2 50.Nxd5 Qe5+
51.Kg1 Qe1+ 52.Kh2 Qe5+ 53.Kg1 Qe1+ 54.Kh2 Qe5+  1/2-1/2

[Event "ch-ESP Open"]
[Site "Ayamonte ESP"]
[Date "2002.10.06"]
[Round "3"]
[White "Mascaro March,P"]
[Black "Calzetta,M"]
[Result "0-1"]
[WhiteElo "2320"]
[BlackElo "2239"]

1.e4 c5 2.Nf3 Nc6 3.Bb5 g6 4.O-O Nf6 5.e5 Nd5 6.d4 cxd4 7.Bxc6 dxc6 8.Qxd4 Qb6
9.Qh4 Bf5 10.Na3 Bg7 11.Re1 O-O 12.c4 Nb4 13.c5 Qxc5 14.Be3 Qa5 15.Bd2 c5
16.Qxe7 Rfe8 17.Qh4 b5 18.g4 Bd3 19.Bc3 Qa4 20.e6 f6 21.Rad1 Rxe6 22.b3 Rxe1+
23.Rxe1 Qa6 24.g5 Nd5 25.Bb2 Rf8 26.gxf6 Nxf6 27.Ng5 h6 28.Ne6 Re8 29.Bxf6 Rxe6
30.Rxe6 Qxe6 31.Bxg7 Qe1+ 32.Kg2 Be4+ 33.Kg3 Qg1+  0-1

[Event "6th Final RUS Cup"]
[Site "Nefteyugansk RUS"]
[Date "2002.10.06"]
[Round "1"]
[White "Pridorozhni,A"]
[Black "Smirnov,P"]
[Result "0-1"]
[WhiteElo "2475"]
[BlackElo "2562"]

1.e4 c5 2.Nf3 Nc6 3.Bb5 g6 4.Bxc6 dxc6 5.d3 Bg7 6.h3 Nf6 7.Nc3 O-O 8.Be3 b6
9.Qd2 e5 10.a3 a5 11.O-O a4 12.Rae1 Re8 13.Nh2 Nd7 14.f4 exf4 15.Rxf4 Nf8
16.Ref1 Ra7 17.Kh1 Ne6 18.R4f2 Nd4 19.Bg5 Qd6 20.Bf6 Bxf6 21.Rxf6 Qe5 22.R6f4 Be6
23.Nd1 f5 24.exf5 Bxf5 25.Ng4 Bxg4 26.Re4 Qb8 27.Rxg4 Re2 28.Qg5 Rf7 29.Rg1 Nf3  0-1

[Event "6th Final RUS Cup"]
[Site "Nefteyugansk RUS"]
[Date "2002.10.06"]
[Round "1"]
[White "Prokopchuk,E"]
[Black "Arzumanian,G"]
[Result "1-0"]
[WhiteElo "2513"]
[BlackElo "2455"]

1.e4 c5 2.Nf3 Nc6 3.Bb5 e6 4.Bxc6 bxc6 5.d3 Ne7 6.Qe2 Ng6 7.h4 h5 8.e5 f6
9.Qe4 Kf7 10.Na3 Qc7 11.Nc4 Ba6 12.Bf4 Bxc4 13.dxc4 f5 14.Qxf5+ exf5 15.e6+ dxe6
16.Bxc7 Be7 17.O-O-O Rhc8 18.Ba5 Bf6 19.Rd7+ Ke8 20.Rd2 Rab8 21.b3 Rb7 22.g3 Rd7
23.Re1 Nf8 24.Rde2 Kf7 25.Ne5+ Bxe5 26.Rxe5 Re7 27.Bc3 Nd7 28.R5e2 Rce8 29.Be5 Rc8
30.Kb2 Ree8 31.Rd1 Nf6 32.f3 Red8 33.Red2 Rxd2 34.Rxd2 Ke8 35.Ka3 Rd8 36.Rd3 Ke7
37.Ka4 Nd7 38.Bd6+ Ke8 39.Ka5 e5 40.Bc7 Rc8 41.Bxe5 Nxe5 42.Re3 Kd7 43.Rxe5 g6
44.Ka6 Kd6 45.f4 Rc7 46.Re8 Rd7 47.Rg8 Kc7 48.Kxa7 Rd2 49.Rg7+ Kc8 50.Kb6  1-0

[Event "6th Final RUS Cup"]
[Site "Nefteyugansk RUS"]
[Date "2002.10.07"]
[Round "2"]
[White "Prokopchuk,E"]
[Black "Bocharov,D"]
[Result "1-0"]
[WhiteElo "2513"]
[BlackElo "2502"]

1.e4 c5 2.Nf3 Nc6 3.Bb5 g6 4.Bxc6 dxc6 5.d3 Bg7 6.h3 Nf6 7.Nc3 O-O 8.Be3 b6
9.Qd2 e5 10.a3 a5 11.O-O a4 12.Rae1 Re8 13.Nh2 Nd7 14.f4 exf4 15.Rxf4 Ne5
16.Ref1 Be6 17.R4f2 Qd6 18.Kh1 b5 19.Ne2 Rad8 20.Bg5 Rd7 21.Bf6 b4 22.Bxg7 Kxg7
23.Nf3 Nxf3 24.Rxf3 Kg8 25.Nf4 bxa3 26.bxa3 c4 27.Nh5 gxh5 28.Qg5+ Kf8 29.e5 Qc5
30.Qh6+ Ke7 31.Qf6+ Kf8 32.Rg3 Bd5 33.Qh8+ Ke7 34.Qf6+ Kf8 35.Rg7 Qe3 36.d4 c5
37.Kh2 h4 38.Rf3 Qxd4 39.Rf5  1-0

[Event "EuYCh B18"]
[Site "Peniscola ESP"]
[Date "2002.10.08"]
[Round "9"]
[White "Saric,A"]
[Black "Raev,R"]
[Result "0-1"]
[WhiteElo "2394"]
[BlackElo "2192"]

1.e4 c5 2.Nf3 Nc6 3.Bb5 g6 4.Bxc6 dxc6 5.O-O Bg7 6.d3 Nf6 7.h3 O-O 8.Nbd2 Re8
9.Nc4 Nd7 10.a4 Nf8 11.Bf4 b5 12.Ne3 e5 13.Bg5 Qd6 14.axb5 cxb5 15.Nd5 f5
16.Bc1 Bb7 17.c4 f4 18.Nd2 Ne6 19.Nb3 b4 20.Bd2 a6 21.f3 Ra7 22.Qe2 Rea8
23.Ra5 Qd8 24.Rfa1 Bf8 25.Qf2 Bc8 26.Be1 g5 27.Kf1 h5 28.Qe2 Rg7 29.Bf2 g4
30.hxg4 hxg4 31.Ke1 gxf3 32.gxf3 Raa7 33.Kd2 Rg2 34.Rg1 Rxg1 35.Bxg1 Rf7
36.Ra1 Qh4 37.Bf2 Qh2 38.Nf6+  0-1

[Event "EuYCh G18"]
[Site "Peniscola ESP"]
[Date "2002.10.08"]
[Round "9"]
[White "Partac,E"]
[Black "Komiagina,M"]
[Result "0-1"]
[WhiteElo "2206"]
[BlackElo "2218"]

1.e4 c5 2.Nf3 Nc6 3.Bb5 g6 4.O-O Bg7 5.Re1 e6 6.Bxc6 bxc6 7.Nc3 d5 8.e5 Ne7
9.d3 h6 10.Na4 Qa5 11.c4 g5 12.h3 Ng6 13.Bd2 Qc7 14.Qe2 Rb8 15.Rab1 Qe7 16.a3 Rb3
17.d4 f6 18.exf6 Bxf6 19.Nxc5 Rxf3 20.Qxf3 Bxd4 21.Nd3 Rf8 22.Qh5 Qf7 23.Be3 dxc4
24.Bxd4 cxd3 25.Bc5 Rg8 26.Qd1 Nf4 27.Qa4 Qd7 28.Qxa7 Qxa7 29.Bxa7 Ne2+ 30.Kh2 Ba6
31.Be3 Ke7 32.b4 Rd8 33.Bd2 Bb5 34.Rb2 e5 35.h4 Kf6 36.Ra1 Ba4 37.Kh3 Rd4
38.g3 g4+ 39.Kg2 h5 40.Kf1 Kf5 41.Be3 Rc4 42.Ke1 Ke4 43.Kd2 Rc3 44.Bb6 Kf3
45.Ba7 e4 46.Bb6 Rc4 47.Be3 Kg2 48.Re1 Kf3 49.Ra1 Rc3 50.Bb6 Rc4  0-1

[Event "3rd Autumn Open"]
[Site "Bad Wildbad GER"]
[Date "2002.10.09"]
[Round "6"]
[White "Galdunts,S"]
[Black "Fronczek,H"]
[Result "1-0"]
[WhiteElo "2486"]
[BlackElo "2272"]

1.e4 c5 2.Nf3 Nc6 3.Bb5 g6 4.Bxc6 dxc6 5.d3 Bg7 6.h3 Nf6 7.Nc3 O-O 8.Bg5 Qb6
9.Rb1 Re8 10.O-O Qc7 11.Qd2 Be6 12.Bh6 Bh8 13.Ng5 Qd7 14.f4 Rad8 15.e5 Nd5
16.Nce4 b6 17.Rbe1 Nc7 18.f5 Bxf5 19.Nxf7 Bxe5 20.Nxe5 Qd4+ 21.Nf2 Qxb2 22.Nxc6 Rd7
23.Ng4 Bxg4 24.hxg4 Nd5 25.Qf2 Nf6 26.g5  1-0

[Event "1st Yemen Open"]
[Site "Sanaa YEM"]
[Date "2002.10.10"]
[Round "5"]
[White "Adnani,M"]
[Black "Mallahi,A"]
[Result "1/2-1/2"]
[WhiteElo "2256"]
[BlackElo "2406"]

1.e4 c5 2.Nf3 Nc6 3.Bb5 g6 4.Bxc6 bxc6 5.d3 Bg7 6.O-O e5 7.Bg5 Ne7 8.Qd2 h6
9.Bxe7 Qxe7 10.Nc3 O-O 11.Na4 d6 12.b4 cxb4 13.Qxb4 f5 14.Rab1 Be6 15.c4 fxe4
16.dxe4 Rxf3 17.gxf3 Bh3 18.Qd2 Bxf1 19.Kxf1 Rf8 20.Rb3 Rf4 21.Qd3 Kh7 22.Rb8 h5
23.Qb3 Qf6 24.Ke2 d5 25.cxd5 cxd5 26.Nc5 Qd6 27.Rc8 Rf8 28.Rxf8 Bxf8 29.Nd3 dxe4
30.Qb7+ Bg7 31.fxe4 Qd4 32.Qd5 Qa1 33.a4 Qb1 34.Qc6  1/2-1/2